Statistics for Finish the Taylor Swift lyrics

Click here to take the quiz!

General Stats

  • This quiz has been taken 76 times
  • The average score is 8 of 15

Answer Stats

HintAnswer% Correct
She wears short skirtsI wear t-shirts
91%
You got that James DeanDaydream look in your eye
85%
Horrified looks from everyone in the roomBut I'm only looking at you
66%
I don't dress for friendsLately I've been dressing for revenge
66%
Ladies and gentlemen will you please standWith every guitar string scar on my hand
62%
But god I love the EnglishYou know I love a London Boy
60%
He's the reason for theTeardrops on my guitar
57%
My thoughts will echo your nameUntil I see you again
51%
I don't trust nobodyAnd nobody trusts me
46%
Somebody tells you they love youYou're gonna believe them
42%
Almost didn't notice all the rosesAnd the note that said
38%
Don't put me in the basementWhen I want the penthouse of your heart
32%
He can be my jailerBurton to this Taylor
29%
So cut the headlightsSummer's a knife
28%
But with you I'd danceIn my best dress
6%

Score Distribution

Percentile by Number Answered

Percent of People with Each Score

Your Score History

You have not taken this quiz